00925nam a22002297a 4500999001700000003000900017008004100026040007100067082001500138100003100153245003200184260002600216300004600242505018800288650002400476650002100500650002200521710002000543942001600563945002100579952009500600 c17858d17858AR-CdUCM190509b ||||| |||| 00| 0 spa d aMUNICIPALIDAD PROVINCIAL DEL CUSCOcBIBLIOTECA MUNICIPAL DEL CUSCO a661 /bV66 aVillaseca Carrasco, Raúl aEl computador en medicina / aLima :bLumen,c1989. a106 páginas ;bilustraciones,c20.5 cm. aContenido: Historia -- ¿Que es un microcomputador? -- El hardware -- El software -- Algunos lenguajes de programación -- Lógica de las computadoras -- Inteligencia artificial ... aComputadoras938052 aMedicína93637 aSociología9276 aCONCYTEC.92809 2ddccLIBROS aachld2019-05-09 002ddc4070aSCbSCcCARTd2019-05-09g30.00o661 / V66pSC0000001381r2019-05-09yLIBROS